[Event "96th YMCA Autumn A"]
[Site "Warszawa"]
[Date "2011.09.29"]
[Round "1"]
[White "Guerrero Rodriguez, Alejandra"]
[Black "Kaczorowski, Piotr"]
[Result "0-1"]
[WhiteElo "2093"]
[BlackElo "2093"]
[PlyCount "78"]
[EventDate "2011.09.29"]
[EventType "tourn"]
[EventRounds "1"]
[EventCountry "POL"]
[SourceDate "2011.10.02"]

1. e4 e6 2. d4 d5 3. Nd2 dxe4 4. Nxe4 Nd7 5. Nf3 Ngf6 6. Bd3 c5 7. O-O cxd4 8.
Nxd4 Nxe4 9. Bxe4 Nf6 10. Bd3 Be7 11. c3 O-O 12. Bf4 Bd7 13. Qf3 Qb6 14. a4 a5
15. Be5 Rfd8 16. Rfd1 Rac8 17. Qh3 h6 18. b3 Nd5 19. Bc4 Be8 20. Nf5 Bf8 21.
Nxh6+ gxh6 22. Rxd5 exd5 23. Bd3 Bg7 24. Qg4 f6 25. Bd4 Qd6 26. Re1 Bf7 27. Bf5
Re8 28. Rd1 Rc7 29. Be3 h5 30. Qf3 Rxc3 31. Bd3 Qe5 32. h3 Rxb3 33. Bf4 Qc3 34.
Qg3 Re1+ 35. Rxe1 Qxe1+ 36. Kh2 Rxd3 37. Qxd3 Qxf2 38. Be3 Qb2 39. Qf5 Qe5+ 0-1

[Event "96th YMCA Autumn A"]
[Site "Warszawa"]
[Date "2011.10.05"]
[Round "1"]
[White "Kielar, Maciej"]
[Black "Grochulski, Grzegorz"]
[Result "1-0"]
[WhiteElo "2098"]
[BlackElo "2061"]
[PlyCount "175"]
[EventDate "2011.09.29"]
[EventType "tourn"]
[EventRounds "1"]
[EventCountry "POL"]
[SourceDate "2011.10.02"]

1. e4 Nf6 2. e5 Nd5 3. Nf3 c5 4. Nc3 e6 5. g3 d6 6. exd6 Bxd6 7. Ne4 Be7 8. Bg2
O-O 9. O-O Nd7 10. d4 cxd4 11. Nxd4 N7f6 12. c4 Nxe4 13. Bxe4 Nf6 14. Bg2 e5
15. Nb5 Qxd1 16. Rxd1 Bg4 17. Re1 e4 18. Bg5 a6 19. Nc3 h6 20. Bxf6 Bxf6 21.
Nxe4 Bxb2 22. Rab1 Bd4 23. Rxb7 Rfe8 24. Rc1 Rad8 25. c5 f5 26. Nd6 Re2 27. c6
Rxd6 28. h3 Rxf2 29. Kh1 Rxc6 30. Rxc6 Bh5 31. Rxa6 Rc2 32. Rb1 Rc5 33. Ra4 Be5
34. g4 fxg4 35. hxg4 Bg6 36. Re1 Bg3 37. Rf1 h5 38. gxh5 Bxh5 39. Be4 Rc8 40.
Ra7 Be5 41. Ra5 Be2 42. Rf2 Bc3 43. Ra4 Bh5 44. Ra8 Rxa8 45. Bxa8 Bf6 46. Bc6
Kf8 47. a4 Ke7 48. Bg2 Kd6 49. a5 Kc7 50. Rc2+ Kb8 51. Bc6 Ka7 52. Rh2 g6 53.
Ra2 Ka6 54. Be4 Bc3 55. Bd3+ Ka7 56. Kg2 g5 57. a6 Bf7 58. Rc2 Bd5+ 59. Kg3
Be5+ 60. Kg4 Bf4 61. Re2 Bc6 62. Re7+ Ka8 63. Kf5 Bf3 64. Bc4 Bc6 65. Be6 Kb8
66. Rg7 Bg2 67. Kf6 Be3 68. Rg8+ Ka7 69. Bc8 Bf3 70. Ke5 Bf4+ 71. Kf5 Bg2 72.
Rg7+ Kb8 73. Bb7 Bxb7 74. Rxb7+ Ka8 75. Ke4 Bb8 76. Rg7 g4 77. Rxg4 Ka7 78. Rg6
Ka8 79. Kd5 Ba7 80. Kc6 Bb8 81. Rg7 Ba7 82. Rf7 Bb8 83. Kb6 Be5 84. a7 Bd4+ 85.
Ka6 Bc5 86. Rg7 Bf8 87. Rg6 Bg7 88. Re6 1-0

[Event "96th YMCA Autumn A"]
[Site "Warszawa"]
[Date "2011.09.29"]
[Round "1"]
[White "Delega, Tomasz"]
[Black "Malec, Sebastian"]
[Result "1-0"]
[WhiteElo "2182"]
[BlackElo "2148"]
[PlyCount "97"]
[EventDate "2011.09.29"]
[EventType "tourn"]
[EventRounds "1"]
[EventCountry "POL"]
[SourceDate "2011.10.02"]

1. Nf3 Nf6 2. c4 e6 3. g3 b6 4. Bg2 Bb7 5. O-O Be7 6. b3 O-O 7. Bb2 d6 8. d3
Nbd7 9. Nbd2 a5 10. a3 Ra7 11. Qc2 Qa8 12. b4 c5 13. Bc3 d5 14. bxa5 d4 15.
axb6 Nxb6 16. Bb2 Na4 17. e3 Rb8 18. Rfb1 e5 19. Bc1 e4 20. dxe4 Nc3 21. Rxb7
Qxb7 22. exd4 Ne2+ 23. Kf1 Nxc1 24. Qxc1 Nxe4 25. Nxe4 Qxe4 26. Ne5 Qxd4 27.
Nc6 Qd3+ 28. Kg1 Bf6 29. Bf1 Qf3 30. Nxa7 Bxa1 31. Qxa1 Rd8 32. Qe5 h6 33. Be2
Qa8 34. Qxc5 Rd2 35. Bf1 Qf3 36. Qe3 Qd1 37. Nb5 Rc2 38. Nc3 Qd8 39. Nd5 Ra2
40. Kg2 Qa8 41. Bd3 Rxa3 42. Qe4 g6 43. Qd4 Ra6 44. Be4 Qd8 45. c5 g5 46. c6
Rxc6 47. Ne7+ Qxe7 48. Bxc6 f6 49. Qd7 1-0

[Event "96th YMCA Autumn A"]
[Site "Warszawa"]
[Date "2011.10.12"]
[Round "1"]
[White "Liberadzki, Slawomir"]
[Black "Choroszej, Aleksander"]
[Result "1/2-1/2"]
[WhiteElo "2063"]
[BlackElo "2078"]
[Annotator "M"]
[PlyCount "33"]
[EventDate "2011.09.29"]
[EventType "tourn"]
[EventRounds "1"]
[EventCountry "POL"]
[SourceDate "2011.10.02"]

1. d4 g6 2. c4 Bg7 3. Nc3 d6 4. e4 e5 5. Be3 Nc6 6. Nge2 exd4 7. Nxd4 Nf6 8.
Be2 O-O 9. O-O Re8 10. f3 Ne5 11. Qd2 c6 12. Rfd1 Qe7 13. Bh6 Bxh6 14. Qxh6 Be6
15. Nxe6 Qxe6 16. Rd4 Rad8 17. Rad1 $11 1/2-1/2

[Event "96th YMCA Autumn A"]
[Site "Warszawa"]
[Date "2011.09.29"]
[Round "1"]
[White "Szymczak, Rafal"]
[Black "Cajbel, Maciej"]
[Result "0-1"]
[WhiteElo "2047"]
[BlackElo "2224"]
[Annotator "M"]
[PlyCount "146"]
[EventDate "2011.09.29"]
[EventType "tourn"]
[EventRounds "1"]
[EventCountry "POL"]
[SourceDate "2011.10.02"]

1. f4 d5 2. Nf3 Nf6 3. g3 g6 4. Bg2 Bg7 5. O-O O-O 6. d3 c5 7. Nc3 d4 8. Ne4
Nxe4 9. dxe4 Nc6 10. e3 Qb6 11. Qe2 Rd8 12. Rd1 h6 13. h3 e5 14. Kh1 Be6 15. g4
dxe3 16. Rxd8+ Rxd8 17. f5 Bc8 18. c3 Qa5 19. Bxe3 b6 20. fxg6 fxg6 21. Qc4+
Kh7 22. Nh4 Rd6 23. Qf7 Qb5 24. Qc7 Qd3 25. Re1 Bd7 26. Bf3 Bf6 27. Ng2 Bd8 28.
Qb7 Qc2 29. Bc1 Qf2 30. Be2 Bg5 31. Qc7 Qf6 32. Rf1 Qe7 33. Bxg5 hxg5 34. Rd1
Rxd1+ 35. Bxd1 Be8 36. Qxe7+ Nxe7 37. Ne3 Bf7 38. Bb3 Bxb3 39. axb3 Nc6 40. Nc4
Kg7 41. Kg2 Kf6 42. Kf3 Ke6 43. Ke3 b5 44. Nd2 a6 45. Kd3 Kf6 46. Nf1 Nd8 47.
Ne3 Ne6 48. Nd5+ Kf7 49. Ke3 Ke8 50. b4 c4 51. Kf3 Kd8 52. Kg3 Nf4 53. Ne3 Ke7
54. Nd1 Nd3 55. Kf3 Kf6 56. Ke3 Nf4 57. Nf2 Ke6 58. Kd2 Kd6 59. Kc2 $11 Kc6 60.
b3 Kb6 61. Kb2 a5 62. Ka3 axb4+ 63. cxb4 Ne2 64. Nd1 c3 65. Ne3 Kc6 66. Ka2 Ng3
67. Kb1 Nxe4 68. Kc2 Nf6 69. Nd1 Nd5 70. Nf2 Nf4 71. Kxc3 Kd5 72. Kd2 Kd4 73.
Ke1 Nd3+ 0-1

[Event "96th YMCA Autumn A"]
[Site "Warszawa"]
[Date "2011.10.06"]
[Round "2"]
[White "Choroszej, Aleksander"]
[Black "Szymczak, Rafal"]
[Result "1-0"]
[WhiteElo "2078"]
[BlackElo "2047"]
[Annotator "M"]
[PlyCount "53"]
[EventDate "2011.09.29"]
[EventType "tourn"]
[EventRounds "1"]
[EventCountry "POL"]
[SourceDate "2011.10.02"]

1. d4 f5 2. g4 fxg4 3. h3 d5 4. hxg4 Bxg4 5. Qd3 Nf6 6. f3 Bh5 7. e4 c6 8. e5
Bg6 9. Qxg6+ hxg6 10. Rxh8 e6 11. Nh3 Kd7 $11 12. Nc3 Na6 13. Nf4 Qa5 14. exf6
gxf6 15. Nxg6 Bb4 16. Rh7+ Kd6 17. Bf4+ e5 18. dxe5+ Kc5 19. Bd2 fxe5 20. Nxe5
Re8 21. f4 Bxc3 22. Bxc3 Qa4 23. Kd1 Nb4 24. Bxb4+ Kxb4 25. Nd3+ Ka5 26. Rxb7
Qe4 27. b4+ 1-0

[Event "96th YMCA Autumn A"]
[Site "Warszawa"]
[Date "2011.10.11"]
[Round "2"]
[White "Malec, Sebastian"]
[Black "Liberadzki, Slawomir"]
[Result "1-0"]
[WhiteElo "2148"]
[BlackElo "2063"]
[PlyCount "95"]
[EventDate "2011.09.29"]
[EventType "tourn"]
[EventRounds "1"]
[EventCountry "POL"]
[SourceDate "2011.10.02"]

1. e4 c5 2. b3 Nc6 3. Bb2 a6 4. f4 e6 5. Nf3 d5 6. e5 Nge7 7. d4 Nf5 8. Bd3
Ncxd4 9. Nxd4 Nxd4 10. Bxd4 cxd4 11. O-O Bb4 12. Nd2 Bc3 13. Rb1 Bd7 14. Nf3
Qb6 15. a4 h6 16. h4 O-O-O 17. h5 Kb8 18. g4 g6 19. Kh1 gxh5 20. gxh5 Rdg8 21.
Rg1 Qd8 22. Qe2 f5 23. exf6 Qxf6 24. Qe5+ Qxe5 25. Nxe5 Be8 26. Bg6 Bd2 27.
Rbf1 Rf8 28. Rg4 Be3 29. Rh4 b5 30. a5 b4 31. Bd3 Kb7 32. Ng6 Bxg6 33. hxg6
Rhg8 34. Kg2 Rf6 35. Rf3 Rgf8 36. Rg3 Bxf4 37. Rxf4 Rxf4 38. g7 Rg8 39. Bh7
Rxg7 40. Rxg7+ Kc6 41. Rg6 Re4 42. Rxh6 Re3 43. Bd3 Kb7 44. Rh7+ Ka8 45. Bxa6
e5 46. Bb7+ Ka7 47. Bxd5+ Ka6 48. Bc4+ 1-0

[Event "96th YMCA Autumn A"]
[Site "Warszawa"]
[Date "2011.10.06"]
[Round "2"]
[White "Grochulski, Grzegorz"]
[Black "Delega, Tomasz"]
[Result "1-0"]
[WhiteElo "2061"]
[BlackElo "2182"]
[PlyCount "147"]
[EventDate "2011.09.29"]
[EventType "tourn"]
[EventRounds "1"]
[EventCountry "POL"]
[SourceDate "2011.10.02"]

1. e4 Nf6 2. e5 Nd5 3. d4 d6 4. Bc4 Nb6 5. Bb3 d5 6. Nf3 Bg4 7. h3 Bh5 8. g4
Bg6 9. e6 Nc6 10. Bf4 fxe6 11. Nc3 a6 12. Qe2 Qd7 13. O-O-O h6 14. Rhe1 Bf7 15.
h4 O-O-O 16. Ba4 Nxa4 17. Nxa4 e5 18. Nxe5 Nxe5 19. Nb6+ cxb6 20. Qxe5 Qc6 21.
Qf5+ e6 22. Qxf7 Bd6 23. Bxd6 Qxd6 24. Qxe6+ Qxe6 25. Rxe6 Rhf8 26. Rd2 Rf4 27.
Rg6 Rd7 28. h5 Kc7 29. a4 Re7 30. c3 Ref7 31. Re2 b5 32. axb5 axb5 33. Kd1 b4
34. Ke1 bxc3 35. bxc3 Rf3 36. Rc2 R3f4 37. Kf1 b5 38. Kg2 R4f6 39. Rxf6 Rxf6
40. Re2 Kd6 41. Ra2 Rf4 42. Kg3 Rf8 43. Ra6+ Ke7 44. Ra7+ Kf6 45. Rc7 Rb8 46.
Rc6+ Kf7 47. Kf4 b4 48. cxb4 Rxb4 49. Ke5 Rb2 50. f3 Rb3 51. Rc7+ Kf8 52. f4
Rg3 53. Ke6 Kg8 54. Kf5 Rd3 55. Kg6 Kf8 56. Rxg7 Rxd4 57. Rf7+ Ke8 58. Rf5 Ra4
59. Kxh6 Ra6+ 60. Kg5 Rd6 61. Re5+ Kf7 62. Re3 d4 63. Rd3 Ke6 64. h6 Kd5 65. h7
Rd8 66. f5 Ke4 67. Rd1 d3 68. Kg6 Ke3 69. f6 Ke2 70. Rxd3 Kxd3 71. Kg7 Rd7+ 72.
f7 Rd4 73. h8=Q Rxg4+ 74. Kf6 1-0

[Event "96th YMCA Autumn A"]
[Site "Warszawa"]
[Date "2011.10.07"]
[Round "2"]
[White "Kaczorowski, Piotr"]
[Black "Kielar, Maciej"]
[Result "0-1"]
[WhiteElo "2093"]
[BlackElo "2098"]
[PlyCount "118"]
[EventDate "2011.09.29"]
[EventType "tourn"]
[EventRounds "1"]
[EventCountry "POL"]
[SourceDate "2011.10.02"]

1. Nf3 g6 2. g3 Bg7 3. Bg2 c5 4. O-O Nc6 5. c4 e5 6. Nc3 f5 7. a3 a5 8. Rb1 Nf6
9. d3 h6 10. Nh4 Ne7 11. b4 axb4 12. axb4 cxb4 13. Rxb4 g5 14. Nf3 Nc6 15. Ra4
Ra6 16. Ba3 Kf7 17. Nb5 Kg6 18. Rxa6 bxa6 19. Nd6 Bf8 20. e4 f4 21. Bh3 Qc7 22.
Bf5+ Kg7 23. c5 Bxd6 24. cxd6 Qa5 25. Bb2 fxg3 26. hxg3 Bb7 27. d4 exd4 28.
Nxd4 Ne5 29. Nf3 Nxf3+ 30. Qxf3 Rf8 31. Ra1 Qb4 32. Bc3 Qc4 33. Rc1 Kg8 34. Bb2
Bxe4 35. Qe3 Qd5 36. Bxe4 Nxe4 37. f4 gxf4 38. gxf4 Qf5 39. Be5 Kh7 40. Rc2 Rb8
41. Rb2 Qg4+ 42. Kh2 Qh4+ 43. Kg1 Qg4+ 44. Kh2 Qh5+ 45. Kg1 Rg8+ 46. Rg2 Qd1+
47. Kh2 Rxg2+ 48. Kxg2 Qd2+ 49. Kf3 Qxe3+ 50. Kxe3 Nc5 51. f5 Nb7 52. Kd4 Kg8
53. Kd5 Kf7 54. Bf4 h5 55. Bg5 Na5 56. Kc5 Nc6 57. Kb6 a5 58. Kb5 Nd4+ 59. Kxa5
Nxf5 0-1

[Event "96th YMCA Autumn A"]
[Site "Warszawa"]
[Date "2011.10.17"]
[Round "2"]
[White "Krawczyk, Cezary"]
[Black "Guerrero Rodriguez, Alejandra"]
[Result "1-0"]
[WhiteElo "2098"]
[BlackElo "2093"]
[PlyCount "51"]
[EventDate "2011.09.29"]
[EventType "tourn"]
[EventRounds "1"]
[EventCountry "POL"]
[SourceDate "2011.10.02"]

1. e4 e6 2. d4 d5 3. Nc3 dxe4 4. Nxe4 Nf6 5. Bg5 Be7 6. Bxf6 Bxf6 7. Nf3 Nd7 8.
Bd3 O-O 9. Qe2 c5 10. c3 cxd4 11. cxd4 Qa5+ 12. Kf1 Be7 13. h4 h6 14. a3 Re8
15. g4 f5 16. Nc3 Nf8 17. gxf5 Bd7 18. Ne5 Rad8 19. Nxd7 Nxd7 20. Qxe6+ Kh8 21.
Re1 Bf6 22. Qxe8+ Rxe8 23. Rxe8+ Kh7 24. Bc4 Qxf5 25. Bg8+ Kg6 26. Rg1+ 1-0

[Event "96th YMCA Autumn A"]
[Site "Warszawa"]
[Date "2011.10.06"]
[Round "3"]
[White "Kielar, Maciej"]
[Black "Krawczyk, Cezary"]
[Result "0-1"]
[WhiteElo "2098"]
[BlackElo "2098"]
[PlyCount "72"]
[EventDate "2011.09.29"]
[EventType "tourn"]
[EventRounds "1"]
[EventCountry "POL"]
[SourceDate "2011.10.02"]

1. e4 e5 2. Nf3 Nc6 3. Bb5 f5 4. d3 Nf6 5. O-O fxe4 6. dxe4 Bc5 7. Bg5 d6 8. c3
h6 9. Be3 Bxe3 10. fxe3 a6 11. Bc4 g5 12. Nbd2 Qe7 13. Nd4 exd4 14. Rxf6 Qxf6
15. Qh5+ Kd8 16. Rf1 Qe5 17. exd4 Nxd4 18. Kh1 Ne6 19. Nf3 Qg7 20. Bxe6 Bxe6
21. Nd4 Bc4 22. b3 Rf8 23. Rf5 Rxf5 24. exf5 c5 25. Nc2 Bd3 26. Qd1 Bxc2 27.
Qxd6+ Qd7 28. Qf8+ Kc7 29. Qxc5+ Kb8 30. h3 Bxf5 31. Qf8+ Ka7 32. Qxh6 Re8 33.
Qxg5 Re1+ 34. Kh2 Qd6+ 35. g3 Re2+ 36. Kg1 Qd1# 0-1

[Event "96th YMCA Autumn A"]
[Site "Warszawa"]
[Date "2011.10.18"]
[Round "3"]
[White "Delega, Tomasz"]
[Black "Kaczorowski, Piotr"]
[Result "1-0"]
[WhiteElo "2182"]
[BlackElo "2093"]
[PlyCount "81"]
[EventDate "2011.09.29"]
[EventType "tourn"]
[EventRounds "1"]
[EventCountry "POL"]
[SourceDate "2011.10.02"]

1. Nf3 Nf6 2. d4 d5 3. e3 e6 4. Bd3 Be7 5. Nbd2 O-O 6. O-O c5 7. b3 Nc6 8. Bb2
b6 9. Ne5 Bb7 10. Ndf3 Ne4 11. Nxc6 Bxc6 12. Ne5 Be8 13. a4 f6 14. Nf3 Bh5 15.
Be2 Rc8 16. c4 Qd7 17. a5 dxc4 18. bxc4 Rfd8 19. axb6 axb6 20. Qc2 Bxf3 21.
Bxf3 Ng5 22. Be2 cxd4 23. exd4 Qc7 24. h4 Nf7 25. Bd3 f5 26. Qe2 Qd7 27. Ra6 e5
28. Rxb6 e4 29. Bb1 Qa4 30. Rb7 Bf6 31. Rxf7 Kxf7 32. Qh5+ Kg8 33. Qxf5 Qd7 34.
Qxe4 g6 35. h5 Bxd4 36. Bxd4 Qxd4 37. Qe6+ Kh8 38. hxg6 h6 39. Bf5 Ra8 40. g4
Rd6 41. Qe7 1-0

[Event "96th YMCA Autumn A"]
[Site "Warszawa"]
[Date "2011.10.10"]
[Round "3"]
[White "Liberadzki, Slawomir"]
[Black "Grochulski, Grzegorz"]
[Result "1-0"]
[WhiteElo "2063"]
[BlackElo "2061"]
[PlyCount "71"]
[EventDate "2011.09.29"]
[EventType "tourn"]
[EventRounds "1"]
[EventCountry "POL"]
[SourceDate "2011.10.02"]

1. e4 g6 2. d4 Bg7 3. c4 c6 4. Nc3 d6 5. Be3 Nf6 6. f3 a6 7. Qd2 b5 8. g4 Nbd7
9. Nge2 e5 10. d5 c5 11. cxb5 axb5 12. Nxb5 Nb6 13. Nec3 O-O 14. Be2 Ba6 15.
O-O Qd7 16. a4 Rfb8 17. Rfb1 Ne8 18. b4 cxb4 19. Rxb4 f5 20. gxf5 gxf5 21. Rab1
fxe4 22. Nxe4 Qh3 23. Nbxd6 Nxd6 24. Nxd6 Bxe2 25. Qxe2 Rf8 26. Rxb6 Rxf3 27.
Rb8+ Rxb8 28. Rxb8+ Bf8 29. Bh6 Rf6 30. Bxf8 Rg6+ 31. Kh1 h5 32. Bh6+ Kh7 33.
Rb7+ Kg8 34. Rg7+ Rxg7 35. Bxg7 Qb3 36. Bxe5 1-0

[Event "96th YMCA Autumn A"]
[Site "Warszawa"]
[Date "2011.10.13"]
[Round "3"]
[White "Szymczak, Rafal"]
[Black "Malec, Sebastian"]
[Result "0-1"]
[WhiteElo "2047"]
[BlackElo "2148"]
[PlyCount "60"]
[EventDate "2011.09.29"]
[EventType "tourn"]
[EventRounds "1"]
[EventCountry "POL"]
[SourceDate "2011.10.02"]

1. f4 d5 2. Nf3 g6 3. g3 Nh6 4. Bg2 Nf5 5. d3 d4 6. c3 Bg7 7. Bd2 c5 8. Na3 h5
9. Qb3 Be6 10. Qxb7 Bd5 11. Qb5+ Nd7 12. c4 Rb8 13. Qa4 Ba8 14. Rb1 h4 15. gxh4
e5 16. Kd1 O-O 17. fxe5 Nxe5 18. Nxe5 Bxg2 19. Rg1 Bxe5 20. Rxg2 Qxh4 21. Kc2
Bf4 22. Qd7 Qh3 23. Qd5 Bxd2 24. Kxd2 Qh6+ 25. e3 Qxe3+ 26. Kc2 Qf4 27. Re1 Kh7
28. Qxc5 Ne3+ 29. Rxe3 dxe3 30. Qxa7 Qf3 0-1

[Event "96th YMCA Autumn A"]
[Site "Warszawa"]
[Date "2011.10.13"]
[Round "3"]
[White "Cajbel, Maciej"]
[Black "Choroszej, Aleksander"]
[Result "1-0"]
[WhiteElo "2224"]
[BlackElo "2078"]
[PlyCount "81"]
[EventDate "2011.09.29"]
[EventType "tourn"]
[EventRounds "1"]
[EventCountry "POL"]
[SourceDate "2011.10.02"]

1. e4 g6 2. d4 Bg7 3. Nc3 d6 4. f4 Nf6 5. Nf3 O-O 6. Bd3 Na6 7. O-O c5 8. d5
Bg4 9. Kh1 Nb4 10. Bc4 Rb8 11. a3 Na6 12. h3 Bxf3 13. Qxf3 Nc7 14. a4 e6 15.
dxe6 Nxe6 16. f5 Nd4 17. Qf2 gxf5 18. Bg5 Ng4 19. Qd2 Bf6 20. Bxf6 Nxf6 21.
exf5 Kh8 22. Nd5 Nxd5 23. Bxd5 Qf6 24. c3 Nc6 25. Rad1 Rbd8 26. Qe2 Rfe8 27.
Qh5 Ne5 28. Rf4 Rg8 29. Bxb7 Rb8 30. Be4 Rbd8 31. Rh4 Rg7 32. Qh6 Qg5 33. f6
Qxh6 34. Rxh6 Rg5 35. Bxh7 a5 36. Rd2 Rg3 37. Re2 Rb8 38. Rd2 Rb6 39. Rh5 Re3
40. Be4+ Kg8 41. Rxe5 1-0

[Event "96th YMCA Autumn A"]
[Site "Warszawa"]
[Date "2011.10.20"]
[Round "4"]
[White "Malec, Sebastian"]
[Black "Cajbel, Maciej"]
[Result "1-0"]
[WhiteElo "2148"]
[BlackElo "2224"]
[PlyCount "77"]
[EventDate "2011.09.29"]
[EventType "tourn"]
[EventRounds "1"]
[EventCountry "POL"]
[SourceDate "2011.10.02"]

1. e4 c5 2. Nf3 e6 3. d4 cxd4 4. Nxd4 Nc6 5. Nc3 Qc7 6. Be2 a6 7. O-O Nf6 8.
Be3 Bb4 9. Na4 O-O 10. Nxc6 bxc6 11. Nb6 Rb8 12. Nxc8 Rfxc8 13. Bxa6 Rf8 14.
Bd3 Bd6 15. f4 e5 16. f5 Rxb2 17. g4 Qa5 18. Kh1 Bc5 19. Bd2 Bb4 20. Bg5 Ne8
21. a3 Bc5 22. Bd2 Qc7 23. Qf3 Bd4 24. Rac1 Qd6 25. Bc4 Rb8 26. g5 Bb2 27. Rcd1
Qxa3 28. Qh5 Qa4 29. Bd3 d5 30. Rf3 dxe4 31. Rh3 h6 32. Rh4 f6 33. Rxe4 Bd4 34.
gxh6 Rb7 35. Rh4 Qa2 36. hxg7 Rxg7 37. Bh6 Qf7 38. Qe2 Qd5+ 39. Be4 1-0

[Event "96th YMCA Autumn A"]
[Site "Warszawa"]
[Date "2011.11.02"]
[Round "4"]
[White "Grochulski, Grzegorz"]
[Black "Szymczak, Rafal"]
[Result "1/2-1/2"]
[WhiteElo "2061"]
[BlackElo "2047"]
[Annotator "M"]
[PlyCount "23"]
[EventDate "2011.09.29"]
[EventType "tourn"]
[EventRounds "1"]
[EventCountry "POL"]
[SourceDate "2011.10.02"]

1. e4 c6 2. d4 d5 3. Nc3 dxe4 4. Nxe4 Nd7 5. Ng5 Nb6 6. N1f3 g6 7. c3 Bg7 8.
Qb3 Nh6 9. Be2 O-O 10. O-O Nf5 11. Rd1 Qc7 12. Ne4 $11 1/2-1/2

[Event "96th YMCA Autumn A"]
[Site "Warszawa"]
[Date "2011.10.21"]
[Round "4"]
[White "Kaczorowski, Piotr"]
[Black "Liberadzki, Slawomir"]
[Result "1/2-1/2"]
[WhiteElo "2093"]
[BlackElo "2063"]
[PlyCount "35"]
[EventDate "2011.09.29"]
[EventType "tourn"]
[EventRounds "1"]
[EventCountry "POL"]
[SourceDate "2011.10.02"]

1. d4 d5 2. Nf3 Nf6 3. c4 e6 4. Bg5 Be7 5. e3 h6 6. Bh4 Nbd7 7. Nc3 b6 8. Bd3
Bb7 9. O-O O-O 10. Rc1 c5 11. Qe2 Ne4 12. Bxe7 Qxe7 13. Rfd1 Rfd8 14. cxd5 exd5
15. Ba6 Ndf6 16. Bxb7 Qxb7 17. Ne5 Nxc3 18. Rxc3 1/2-1/2

[Event "96th YMCA Autumn A"]
[Site "Warszawa"]
[Date "2011.10.20"]
[Round "4"]
[White "Krawczyk, Cezary"]
[Black "Delega, Tomasz"]
[Result "1-0"]
[WhiteElo "2098"]
[BlackElo "2182"]
[PlyCount "121"]
[EventDate "2011.09.29"]
[EventType "tourn"]
[EventRounds "1"]
[EventCountry "POL"]
[SourceDate "2011.10.02"]

1. Nf3 d5 2. g3 Nf6 3. Bg2 g6 4. O-O Bg7 5. d3 O-O 6. Nbd2 c5 7. e4 Nc6 8. Re1
e5 9. h3 d4 10. Nc4 Ne8 11. a4 Nd6 12. b3 Nxc4 13. bxc4 a5 14. Nd2 Nb4 15. Nb1
Bd7 16. c3 dxc3 17. Nxc3 Bc6 18. Nd5 b6 19. h4 Ra7 20. Ra3 h6 21. Rf1 Kh7 22.
h5 Rb7 23. hxg6+ fxg6 24. Be3 Rbf7 25. Qd2 Bd7 26. f3 g5 27. Raa1 Be6 28. Rf2
Bd7 29. Bh1 g4 30. Rh2 gxf3 31. Bxh6 Kg8 32. Bg5 Qe8 33. Nxb6 Bc6 34. Kf2 Rb7
35. Nd5 Bxa4 36. Ne7+ Rxe7 37. Bxe7 Qxe7 38. Rxa4 Qd7 39. Ra3 Qd4+ 40. Kf1 Rf6
41. Rxa5 Rf8 42. Ra3 Rd8 43. Rf2 Rd6 44. Rxf3 Bh6 45. Qf2 Qxf2+ 46. Kxf2 Bc1
47. Ra8+ Kg7 48. Ke2 Bg5 49. Bg2 Nc2 50. Rff8 Nd4+ 51. Kf2 Ne6 52. Rg8+ Kf6 53.
Bh3 Nc7 54. Raf8+ Ke7 55. Rf5 Bf6 56. Bf1 Rb6 57. g4 Bh4+ 58. Kg2 Rb2+ 59. Kh3
Be1 60. Rg7+ Ke6 61. Rxc7 1-0

[Event "96th YMCA Autumn A"]
[Site "Warszawa"]
[Date "2011.11.04"]
[Round "4"]
[White "Guerrero Rodriguez, Alejandra"]
[Black "Kielar, Maciej"]
[Result "1/2-1/2"]
[WhiteElo "2093"]
[BlackElo "2098"]
[PlyCount "145"]
[EventDate "2011.09.29"]
[EventType "tourn"]
[EventRounds "1"]
[EventCountry "POL"]
[SourceDate "2011.10.02"]

1. e4 g6 2. d4 Bg7 3. Nc3 c5 4. Nf3 cxd4 5. Nxd4 Nc6 6. Nb3 Nf6 7. Be2 O-O 8.
O-O d6 9. Be3 Ne5 10. h3 Be6 11. f4 Nc4 12. Bd4 Rc8 13. Rb1 a6 14. a4 Bd7 15.
Bxc4 Rxc4 16. a5 Bc6 17. Qd3 Rxc3 18. Qxc3 Nxe4 19. Qe3 e5 20. Bb6 Qh4 21. Qe1
Qh5 22. Rd1 f5 23. fxe5 dxe5 24. Nc5 Ng5 25. h4 Qg4 26. Rd2 Nf3+ 27. Rxf3 Bxf3
28. Ne6 Re8 29. Ng5 Bc6 30. Qe3 Qc4 31. Nf3 f4 32. Qe2 Qxe2 33. Rxe2 e4 34. Nd4
Bxd4+ 35. Bxd4 Kf7 36. Rf2 f3 37. gxf3 exf3 38. Rd2 Re4 39. Bf2 Ra4 40. Kh2
Rxa5 41. Kg3 h6 42. Be3 h5 43. b4 Re5 44. Bf4 Re1 45. Bg5 Rg1+ 46. Kf2 Rb1 47.
Rd4 Rb2 48. Rc4 Ke6 49. Bd2 Rb1 50. Be1 Bd5 51. Rd4 Rb2 52. Rd2 b6 53. c4 Rxd2+
54. Bxd2 Be4 55. Be3 b5 56. cxb5 axb5 57. Kg3 Kf5 58. Bg5 Bd5 59. Kf2 Ke4 60.
Be7 Kf4 61. Bg5+ Ke4 62. Be7 Kd3 63. Bc5 g5 64. hxg5 Ke4 65. g6 Kf4 66. Bd6+
Kg4 67. g7 h4 68. Bh2 Kf5 69. Bc7 Kg6 70. g8=Q+ Bxg8 71. Kxf3 Kh5 72. Kg2 Kg4
73. Kh2 1/2-1/2

[Event "96th YMCA Autumn A"]
[Site "Warszawa"]
[Date "2011.11.02"]
[Round "5"]
[White "Delega, Tomasz"]
[Black "Guerrero Rodriguez, Alejandra"]
[Result "0-1"]
[WhiteElo "2182"]
[BlackElo "2093"]
[PlyCount "86"]
[EventDate "2011.09.29"]
[EventType "tourn"]
[EventRounds "1"]
[EventCountry "POL"]
[SourceDate "2011.10.02"]

1. Nf3 g6 2. g3 Bg7 3. Bg2 Nf6 4. O-O O-O 5. d4 d5 6. c4 c6 7. b3 Ne4 8. Bb2
Nd7 9. Nbd2 f5 10. Rc1 Ndf6 11. Qc2 Be6 12. cxd5 Bxd5 13. Nc4 Rc8 14. b4 e6 15.
a4 Bh6 16. e3 Qe7 17. Ba3 b5 18. Nce5 a6 19. Nd3 Ng4 20. Qe2 Bc4 21. Rxc4 bxc4
22. Nde5 c3 23. Nxg4 fxg4 24. Ne5 Nd2 25. Ra1 Nf3+ 26. Nxf3 gxf3 27. Bxf3 Qf6
28. Be4 e5 29. f4 exd4 30. Qc4+ Qf7 31. Qxd4 Bg7 32. Qc5 Rfd8 33. Bg2 Qb3 34.
Bf1 Kh8 35. Qc4 Qxa4 36. Qxa6 Qxa6 37. Bxa6 Ra8 38. Bc1 Rd1+ 39. Kg2 Rxc1 40.
Rxc1 Rxa6 41. Rc2 Ra4 42. e4 Rxb4 43. e5 Rb2 0-1

[Event "96th YMCA Autumn A"]
[Site "Warszawa"]
[Date "2011.10.24"]
[Round "5"]
[White "Liberadzki, Slawomir"]
[Black "Krawczyk, Cezary"]
[Result "1/2-1/2"]
[WhiteElo "2063"]
[BlackElo "2098"]
[Annotator "M"]
[PlyCount "45"]
[EventDate "2011.09.29"]
[EventType "tourn"]
[EventRounds "1"]
[EventCountry "POL"]
[SourceDate "2011.10.02"]

1. e4 d6 2. d4 Nf6 3. f3 Nbd7 4. c4 e5 5. Ne2 Be7 6. Nbc3 O-O 7. Be3 c6 8. Qd2
a6 9. d5 cxd5 10. cxd5 b5 11. Ng3 Nb6 12. Bd3 Bd7 13. O-O Qc7 14. b3 Rfc8 15.
Rfc1 Qd8 16. Nd1 Ne8 17. Qa5 Rxc1 18. Rxc1 Nc8 19. Qd2 g6 20. f4 exf4 21. Bxf4
Bf6 22. Ne2 Ng7 23. Be3 $11 1/2-1/2